Lecciones de jurisprudencia / (Record no. 17417)

MARC details
000 -LEADER
campo de control de longitud fija 00903nam a2200253 i 4500
001 - NÚMERO DE CONTROL
campo de control 17417
003 - IDENTIFICADOR DE NÚMERO DE CONTROL
campo de control ES-MaACL
005 - FECHA Y HORA DE LA ÚLTIMA TRANSACCIÓN
campo de control 20250919063021.0
007 - CAMPO FIJO DE DESCRIPCIÓN FÍSICA--INFORMACIÓN GENERAL
campo de control de longitud fija t|
008 - DATOS DE LONGITUD FIJA--INFORMACIÓN GENERAL
campo de control de longitud fija 010302s1996 sp ||||1| spa d
020 ## - NÚMERO INTERNACIONAL ESTÁNDAR DEL LIBRO
Número Internacional Estándar del Libro 84-340-0887-4
080 ## - NÚMERO DE LA CLASIFICACIÓN DECIMAL UNIVERSAL
Número de la Clasificación Decimal Universal 340.12
100 0# - ENTRADA PRINCIPAL--NOMBRE DE PERSONA
Nombre de persona Smith, Adam,
Fechas asociadas al nombre 1723-1790
9 (RLIN) 106844
245 10 - MENCIÓN DEL TÍTULO
Título Lecciones de jurisprudencia /
Mención de responsabilidad, etc. Adam Smith ; traducción del inglés y estudio preliminar de Alfonso Ruiz Miguel.
260 ## - PUBLICACIÓN, DISTRIBUCIÓN, ETC.
Lugar de publicación, distribución, etc. Madrid :
Nombre del editor, distribuidor, etc. Boletín Oficial del Estado :
-- Centro de Estudios Constitucionales,
Fecha de publicación, distribución, etc. 1996.
300 ## - DESCRIPCIÓN FÍSICA
Extensión LXX, 224 p. ;
Dimensiones 21 cm.
490 1# - MENCIÓN DE SERIE
Mención de serie Clásicos políticos
650 #4 - PUNTO DE ACCESO ADICIONAL DE MATERIA--TÉRMINO DE MATERIA
Término de materia o nombre geográfico como elemento de entrada Derecho-
Subdivisión general Filosofía
9 (RLIN) 11620
710 2# - ENTRADA AGREGADA--NOMBRE DE ENTIDAD CORPORATIVA
Nombre de entidad corporativa o nombre de jurisdicción como elemento de entrada Boletín Oficial del Estado (España)
9 (RLIN) 2229
710 2# - ENTRADA AGREGADA--NOMBRE DE ENTIDAD CORPORATIVA
Nombre de entidad corporativa o nombre de jurisdicción como elemento de entrada Centro de Estudios Constitucionales (España)
9 (RLIN) 2618
830 0# - PUNTO DE ACCESO ADICIONAL DE SERIE-TÍTULO UNIFORME
Título uniforme Clásicos políticos
9 (RLIN) 180270
852 ## - LOCALIZACIÓN
Ubicación ES-MaACL
Número de control de estantería L-24395
Sublocalización o colección R.129492
Holdings
Estatus retirado Estado de pérdida Estado de daño No para préstamo Biblioteca de origen Biblioteca actual Ubicación en estantería Fecha de adquisición Fuente de adquisición Total de préstamos Signatura topográfica completa Código de barras Visto por última vez Precio de reemplazo Tipo de ítem Koha
        Biblioteca del Ateneo de Madrid Biblioteca del Ateneo de Madrid Depósito 2 17/01/2008     L-24395 1017770 23/02/2023 23/02/2023 Libro impreso